00586nam a2200205 a 4500001001300000003000900013005001700022008004100039020002300080082001800103100001600121245008100137260004600218300000800264500003500272505001700307650001500324650002500339700001600364nice12345678IN_TiNIC20260116012325.0050524s1993 amsa grp 000 0 eng  a9053832 c10000a633.6109bKNI aKnight, G R aColonial Production in Provincial Javab Sugar Industries in Pekalongan-Tega aAmsterdambCentre for Asian Studiesc1993 a67p aincludes index and biblioraphy2 aBibliography aSugar-Java aJava-Colonial Period1 aKnight, G R